| 000 | 01105nam a2200289Ia 4500 | ||
|---|---|---|---|
| 003 | GCL | ||
| 008 | 140319s9999 xx 000 0 ara d | ||
| 040 |
_aGCL / _cGCL |
||
| 082 | 0 | 4 |
_a907.2 _bم ا |
| 100 | 1 | _aمحمد عبدالقادر خريسات | |
| 245 | 1 | 0 |
_aانا التاريخ : _bدراسة فى التاريخ أثره وفائدته / _cمحمد عبدالقادر خريسات |
| 700 | 1 | _aعصام مصطفى عقله | |
| 700 | 1 | _aيوسف احمد بنى ياسين | |
| 260 |
_aالاردن : _bمؤسسة حمادة للدراسات الجامعية والنشر والتوزيع ، _c2005 |
||
| 300 |
_a308ص ؛ _c24 سم |
||
| 650 | 0 | 4 | _aالتاريخ الاسلامى |
| 650 | 0 | 4 | _aالتاريخ |
| 650 | 0 | 4 | _aالمادة التاريخية |
| 650 | 0 | 4 | _aالتأريخ |
| 650 | 0 | 4 | _aالتاريخ - فلسفة |
| 650 | 0 | 4 | _aالتاريخ - تعليم وتدريس |
| 650 | 0 | 4 | _aالاسطورة - تاريخ |
| 650 | 0 | 4 | _aالارض - تاريخ |
| 650 | 0 | 4 | _aالاحياء - علم - تاريخ |
| 650 | 0 | 4 | _aالاديان - تاريخ |
| 942 |
_2ddc _cBK |
||
| 999 |
_c8400 _d8400 |
||